| 000 | 01493cam a2200421Ia 4500 | ||
|---|---|---|---|
| 001 | sjds1081036 | ||
| 003 | sjds | ||
| 005 | 20240305094843.0 | ||
| 008 | 961028s1996 sp a j 000 1 spa d | ||
| 020 | _a8427932324 (pbk.) | ||
| 020 | _a9788427932326 | ||
| 035 | _a257603 | ||
| 035 | _a(OCoLC)35803224 | ||
| 035 | _a257603 | ||
| 040 |
_aCS1 _cCS1 _dOCL _dIFA _dUtOrBLW |
||
| 041 | 1 |
_aspa _heng |
|
| 049 | _aIFAA | ||
| 100 | 1 |
_aGardiner, John Reynolds, _eauthor. |
|
| 245 | 1 | 0 |
_aStone Fox y la carrera de trineos / _cJohn Reynolds Gardiner ; (ilustraciones de Marcia Sewall) ; [traduccion, Ana Cristina Werring Millet]. |
| 250 | _a1a edition. | ||
| 260 |
_aBarcelona : _bNoguer y Caralt, _c1996. |
||
| 264 | 1 |
_aBarcelona : _bNoguer y Caralt, _c1996. |
|
| 300 |
_a93 pages : _billustrations ; _c22 cm. |
||
| 336 |
_atext _btxt _2rdacontent |
||
| 337 |
_aunmediated _bn _2rdamedia |
||
| 338 |
_avolume _bnc _2rdacarrier |
||
| 490 | 1 |
_aCuatro vientos ; _v113 |
|
| 500 | _aTranslation of: Stone Fox. | ||
| 500 | _a"A partir de 10 aƱos"--Back cover. | ||
| 520 | _aLittle Willie hopes to pay the back taxes on his grandfather's farm with the purse from a dog sled race he enters. | ||
| 526 | 0 |
_aAccelerated Reader _bMG _c4.0 _d1.0 _z293SP |
|
| 650 | 0 |
_aSled dog racing _vJuvenile fiction. |
|
| 650 | 7 |
_aCarreras de trineo _vNovela juvenil. _2local |
|
| 700 | 1 | _aSewall, Marcia. | |
| 700 | 1 |
_aGardiner, John Reynolds. _tStone fox. |
|
| 830 | 0 |
_aCuatro vientos ; _v113. |
|
| 942 | _cBK | ||
| 999 |
_c29343 _d29341 |
||